| 000 | 00000nam##2200000za#4500 |
| 001 | 9.642648 |
| 003 | CaOODSP |
| 005 | 20210624223815 |
| 007 | cr ||||||||||| |
| 008 | 150407|2013||||xxc|||||o f|0| 0 fre|d |
| 020 | |a978-0-660-21501-3 |
| 040 | |aCaOODSP|bfre |
| 043 | |an-cn--- |
| 086 | 1 |aEn14-111/2013F-PDF |
| 110 | 1 |aCanada. |bEnvironnement Canada. |
| 245 | 10|aLes butylétains dans les sédiments du fleuve Saint-Laurent / |h[ressource électronique]|crédaction : Magella Pelletier, Mélanie Desrosiers, Serge Lepage et Yves de Lafontaine. |
| 246 | 1 |aSuivi de l'état du Saint Laurent |
| 260 | |aOttawa - Ontario : |bEnvironnement Canada |cc2014. |
| 300 | |a7p.|bcartes, références, tableau, photographies |
| 590 | |a15-05|b2015-01-30 |
| 691 | 07|aCours d'eau|2gcpds |
| 691 | 07|aSédiment|2gcpds |
| 775 | 08|tButyltins in sediments of the St. Lawrence River / |w(CaOODSP)9.698644 |
| 856 | 40|ahttp://publications.gc.ca|qPDF|s665 Ko|uhttps://publications.gc.ca/collections/collection_2015/ec/En14-111-2013-fra.pdf |